000 00551 a2200145 4500
003 Nust
005 20221207133732.0
040 _cNust
082 _a297.122521,AZA
245 _aThe Tarjuman al-Quran (Vol-I) /
_cMawlana Abul Kalam Azad
260 _aLahore
_bKazi Publications
300 _axlvii,201:p.;
505 _aSurat-ul Fatiha (Page-1), Praise of god (page-11), Divine providence (Page-17), Divine Benevolence (page-45), Divine Justice (Page-87), The Concept of god (Page-97), Divine guidance (Page-115).
942 _2ddc
_cBK
_k297.122521,AZA
999 _c215375
_d215375